000
00297nam a2200121 a 4500
008
100917s1963|||| d
100
1
_a
Saint-Exupéry, Antoine de
245
1
0
_a
Zem ľudí
260
_b
Slovenský spisovateľ
_a
Bratislava
_c
1963
020
_c
11
044
_a
xo
_c
SK
041
_a
slo
999
_c
10443
_d
10443